000 00822nam a2200301Ia 4500
001 12733
003 IT-RoPAU
008 130308s9999 xx 000 0 und d
040 _aIT-RoPAU
040 _cIT-RoPAU
041 _aITALIANO
100 _aDi Gioia Noemi
100 _gCodice Aut. SPICS: 7205
245 _aUnione Argo-Corinto (L')
245 _bPropaganda e Persuasione Occulta nell'Antichita'
250 _a1a ed.
260 _aMILANO
260 _bVita e Pensiero
260 _c1974 [1° Ed.:1974 - Ed.Ling.Originale:1974]
300 _a"9 p. (prefazione: no ; testo: 9 [pagine: 36-44])"
500 _aCronologia dell'Unione Natura dell'Unione
650 _aSTORIA DELLA PROPAGANDA
650 _eCodice materia Spics: 6258
942 _cBK
957 _71
999 _c48996
_d48996
999 _bSI
999 _g1